| 000 | 04505cam a22004694i 4500 | ||
|---|---|---|---|
| 003 | PE-LiUPU | ||
| 005 | 20250731165420.0 | ||
| 008 | 151217s2012 pe a grm 000 0 spa d | ||
| 035 | _a(Sirsi) a155567 | ||
| 040 |
_aPE-LiUPU _bspa _cPE-LiUPU _erda |
||
| 082 | 0 | 4 |
_a343.8L _bL32 T3 |
| 099 |
_aTA 3 _bL32 2012 |
||
| 100 | 1 |
_aLazo Palacios, Merlin Arturo _eautor |
|
| 245 | 1 | 3 |
_aEl nuevo régimen único simplificado y la formalización de las personas naturales del mercado Ceres, 2012 / _cMerlin Arturo Lazo Palacios. |
| 264 | 0 | _c2012. | |
| 300 |
_a98 hojas : _bilustraciones; _c30 cm |
||
| 336 |
_atext _2rdacontent |
||
| 337 |
_aunmediated _2rdamedia |
||
| 338 |
_avolume _2rdacarrier |
||
| 502 |
_aTesis _b(Mg.) -- _cUniversidad Peruana Unión, _d2012. |
||
| 504 | _aIncluye referencias | ||
| 520 | 3 | _aLos negocios de las personas naturales, según su naturaleza, en el proceso de formalización están obligados a cumplir con sus responsabilidades tributarias básicas mediante el nuevo régimen único simplificado (Nuevo RUS). Entonces surge la pregunta: ¿este régimen está cumpliendo con los fines por los cuales fue creado?, favoreciendo el crecimiento y otorgándole beneficios competitivos a los contribuyentes de tal forma que los negocios emergentes entren al proceso de formalización o simplemente el Nuevo RUS no influye en la formalización de estos negocios, al no satisfacer las expectativas de los comerciantes, o las personas naturales que cumplen sus obligaciones por imposición del estado. Por estos motivos se hace importante averiguar ¿cuál es la relación que existe entre la aplicación del nuevo régimen único simplificado y la formalización de los negocios de las personas naturales del mercado de Ceres 2012?. La muestra estuvo conformada por 88 propietarios de negocios formales del mercado de Ceres - Vitarte. El tipo de muestra es aleatoria simple porque se encuentra con un marco muestral, esto se tiene en un listado conformado por todas las personas propietarias de negocios del mercado de Ceres - Vitarte. Se caracteriza porque otorga la misma probabilidad de ser elegidos a todos los elementos de la población. Para el cálculo muestral, se requiere de: El tamaño poblacional, si ésta es finita, del error admisible y de la estimación de la varianza. En el análisis de los resultados se utilizó tablas y gráficos, así como el uso de estadística inferencial para la población de estudio. El análisis de la información se realizó mediante el empleo del software estadístico SPSS para Windows en su versión 19.0. En el análisis se ha determinado que sí existe relación positiva y significativa entre la aplicación del Nuevo Régimen Único Simplificado y la formalización de los negocios de las personas naturales del mercado de Ceres, durante 2012. De esto se desprende de que si existe relación entre la accesibilidad, beneficios promocionales y conocimiento del nuevo régimen único simplificado y la formalización de los negocios de las personas naturales del mercado de Ceres 2012. En tal sentido, se ha logrado determinar que existe relación con los beneficios promocionales del nuevo régimen único simplificado y la subvariable dependiente acceso al sistema financiero, no así con las subvariable dependiente acceso al sistema financiero, no así con las subvariables independientes accesibilidad al nuevo régimen único simplificado y conocimiento del nuevo régimen único simplificado, que no se relacional significativamente sobre la formalización de los negocios del mercado de Ceres - Vitarte. Por lo tanto, si se intensifican el conocimiento de los beneficios promocionales como el acceso al crédito los negociantes del nuevo RUS con niveles aceptables en la formalización y contribución tributaria, cuyos resultados repercuten en la economía de nuestro país. | |
| 526 | _aSEG44 | ||
| 526 | _aSEG26 | ||
| 526 | _aP151 | ||
| 526 | _aP150 | ||
| 526 | _aP149 | ||
| 526 | _aP146 | ||
| 526 | _aP145 | ||
| 526 | _aP126 | ||
| 526 | _aP125 | ||
| 526 | _aP92 | ||
| 526 | _aP75 | ||
| 526 | _aP74 | ||
| 526 | _aP27 | ||
| 526 | _aP15 | ||
| 650 | 0 | 4 |
_aRégimen unico simplificado (RUS) _xPequeña empresa _zPerú _vTesis. |
| 650 | 0 | 4 |
_aPequeña empresa _xLegislación _zPerú _vTesis. |
| 596 | _a1 | ||
| 942 |
_2ddc _cTESIS |
||
| 999 |
_aTA 3 L32 2012 _wALPHANUM _c8243 _iT01331 _d8243 _lCCODEBUL3 _mBUL _q1 _r1 _sY _tTESIS _u2015-12-17 _xPOSGRADO _PP47 _o.STAFF. Tesis |
||
| 980 |
_81 _gALBERTO SANCHEZ Responsable de Automatización |
||